| 000 | 00532nam a2200193Ia 4500 | ||
|---|---|---|---|
| 005 | 20250923150106.0 | ||
| 008 | 008 250917s9999 xx 000 0 eng d | ||
| 037 | _aTextual | ||
| 040 |
_aDSWL _beng _cDSWL |
||
| 041 |
_aeng _2eng |
||
| 084 |
_aY72:7:7x2, PO2 _qDSWL |
||
| 245 | 0 |
_aCultural ecology of Indian Tribes _cEd. by K.V.Reddy |
|
| 260 |
_aDelhi _bRaj Publications _c2002 |
||
| 300 | _a460p. | ||
| 365 |
_aINR _b950 |
||
| 925 | _g950 | ||
| 942 |
_cTEXL _hY72:7:7x2, PO2 |
||
| 999 |
_c1459469 _d1459469 |
||